| 000 | 00548nam a2200193Ia 4500 | ||
|---|---|---|---|
| 005 | 20250326144639.0 | ||
| 008 | 250326s9999 xx 000 0 und d | ||
| 037 | _aAnnuals, Advances | ||
| 040 |
_aFMSL _beng _cFMSL |
||
| 041 |
_aeng _2eng |
||
| 084 |
_aX8(A):51 M6 _qFMSL |
||
| 100 | _aHill R M | ||
| 245 | 0 |
_aIndustrial marketing _cHill R M; Alexander R S & Others |
|
| 250 | _a4 | ||
| 260 |
_aNew Delhi _bNew Delhi, RICHARD D.IRWIN _c1986 |
||
| 300 | _a703p | ||
| 942 |
_cTB _hX8(A):51 M6 |
||
| 999 |
_c1304464 _d1304464 |
||